| Tag |
First Indicator |
Second Indicator |
Subfields |
| LEADER |
00000cam a2200000 a 4500 |
| 001 |
in00000332621 |
| 005 |
20151011060711.0 |
| 008 |
821228s1982 mdua b 10110 eng |
| 010 |
|
|
|a 82080370
|
| 035 |
|
|
|a (OCoLC)09154633
|
| 035 |
|
|
|9 ABM6387AM
|
| 039 |
0 |
|
|a 2
|b 3
|c 3
|d 3
|e 3
|
| 040 |
|
|
|a DLC
|c DLC
|d TXA
|d UtOrBLW
|
| 049 |
|
|
|a TXAM
|c [1483011]
|
| 050 |
0 |
0 |
|a QA76.9.A25
|b S95 1982
|
| 082 |
0 |
|
|a 001.64
|2 19
|
| 090 |
|
|
|a QA76.9 A25
|b S95 1982b
|
| 111 |
2 |
|
|a Symposium on Security and Privacy
|n (1982 :
|c Oakland, Calif.)
|
| 245 |
1 |
0 |
|a Proceedings of the 1982 Symposium on Security and Privacy, April 26-28, 1982, Oakland, California /
|c sponsored by the Technical Committee on Security and Privacy, IEEE Computer Society.
|
| 264 |
|
1 |
|a Silver Spring, MD :
|b IEEE Computer Society Press ;
|a Los Angeles, CA :
|b Order from IEEE Computer Society ;
|a Piscataway, NJ :
|b order from IEEE Service Center,
|c [1982]
|
| 264 |
|
4 |
|c ©1982
|
| 300 |
|
|
|a v, 170 pages :
|b illustrations ;
|c 28 cm.
|
| 336 |
|
|
|a text
|b txt
|2 rdacontent
|
| 337 |
|
|
|a unmediated
|b n
|2 rdamedia
|
| 338 |
|
|
|a volume
|b nc
|2 rdacarrier
|
| 500 |
|
|
|a Spine title: IEEE 1982 security and privacy.
|
| 500 |
|
|
|a "IEEE Catalog number 82CH1753-3."
|
| 504 |
|
|
|a Includes bibliographical references and index.
|
| 650 |
|
0 |
|a Computers
|x Access control
|v Congresses.
|
| 650 |
|
0 |
|a Data protection
|v Congresses.
|
| 650 |
|
0 |
|a Privacy, Right of
|v Congresses.
|
| 710 |
2 |
|
|a IEEE Computer Society.
|b Technical Committee on Security and Privacy.
|
| 740 |
0 |
|
|a IEEE 1982 security and privacy.
|
| 999 |
|
|
|a MARS
|
| 999 |
f |
f |
|s 66805e8f-30c2-390f-9400-4ae39364ff8a
|i e3bd0802-fcb8-3b1c-b07f-52d4460c115e
|t 0
|
| 952 |
f |
f |
|p ric
|a Texas A&M University
|b Rellis Campus
|c Joint Library Facility
|d Remote Storage
|t 0
|e QA76.9 A25 S95 1982b
|h Library of Congress classification
|i unmediated -- volume
|m A14807705535
|
| 998 |
f |
f |
|a QA76.9 A25 S95 1982b
|t 0
|l Remote Storage
|